ბათუმის შოთა რუსთაველის სახელმწიფო უნივერსიტეტის ბიბლიოთეკა

Кривые и особенности. Геометрическое введение в теорию особенностей (ბიბ.ჩანაწერი № 48023)

000 -LEADER
fixed length control field 00654nam a2200193Ia 4500
001 - CONTROL NUMBER
control field 14903
003 - CONTROL NUMBER IDENTIFIER
control field GE_BSU
008 - FIXED-LENGTH DATA ELEMENTS--GENERAL INFORMATION
fixed length control field 181216s||||||||xx |||||||||||||| ||und||
040 ## - CATALOGING SOURCE
Transcribing agency GE_BSU
080 ## - UNIVERSAL DECIMAL CLASSIFICATION NUMBER
Universal Decimal Classification number 514.77
100 ## - MAIN ENTRY--PERSONAL NAME
Personal name Брус,Дж. Джиблин, П.
245 ## - TITLE STATEMENT
Title Кривые и особенности. Геометрическое введение в теорию особенностей
260 ## - PUBLICATION, DISTRIBUTION, ETC.
Place of publication, distribution, etc. Москва
260 ## - PUBLICATION, DISTRIBUTION, ETC.
Name of publisher, distributor, etc. Мир
260 ## - PUBLICATION, DISTRIBUTION, ETC.
Date of publication, distribution, etc. 1988
300 ## - PHYSICAL DESCRIPTION
Extent 262стр.22см.
653 ## - INDEX TERM--UNCONTROLLED
Uncontrolled term Кривые и особенности. Геометрическое введение в теорию особенностей
942 ## - ADDED ENTRY ELEMENTS (KOHA)
Koha item type წიგნი
ეგზემპლარები
Withdrawn status Lost status Damaged status Not for loan Date acquired Barcode Date last seen Price effective from Koha item type
        2018-12-17 17861 2018-12-17 2018-12-17 წიგნი